| 000 | 00626nam a22001817a 4500 | ||
|---|---|---|---|
| 999 |
_c1733 _d1733 |
||
| 008 | 160413b xxu||||| |||| 00| 0 eng d | ||
| 082 |
_22015 _aDFil 657 _bAg14 |
||
| 100 |
_95495 _aAgamata, F.T. |
||
| 245 |
_aFundamentals of accounting, volume 1/ _cFranklin T. Agamata, Alfred Lindon F. Berbano, Tommy B. Buado. |
||
| 250 | _a2015 Edition | ||
| 260 |
_aDavao City: _bCerts Publications, _cc2015. |
||
| 300 |
_a743 pages: _billustrations; _c23 cm. |
||
| 500 | _aIncludes appendices and index. | ||
| 650 | 0 |
_95496 _aAccounting |
|
| 700 |
_95497 _aBerbano, Alfred Lindon F. |
||
| 700 |
_95498 _aBuado, Tommy B. |
||
| 942 |
_2ddc _cDFIL |
||